000 00817nam a2200253 i 4500
003 DO-SdBNP
005 20240621124722.0
007 ta
008 240621b1987 cl a|||| |||| 00| 0 spa d
020 _a9684221479
040 _aDO-SdBNP
_bspa
_cBNPHU
_erda
082 4 _222
100 1 _aGonzález Sainz, Néstor,
_eautor
_985748
245 1 0 _aComunicaciones y redes de procesamiento de datos /
_cNéstor González Sainz ; revisión, Alberto Jaime
264 4 _aBogotá, Colombia :
_bMcGRAW-HILL,
_c@1987.
300 _a396 páginas :
_bgráficos y mapas ;
_c24 cm.
336 _2rdacontent
_atexto
_btxt
337 _2rdamedia
_asin mediación
_bn
338 _2rdacarrier
_avolumen
_bnc
590 _aInventariado, 2024/BT
700 _aJaime, Alberto,
_erevisión
_985749
910 _aBtavárez
942 _2ddc
_cLBS1
999 _c56927
_d56927